| 000 | 00517nam a2200181Ia 4500 | ||
|---|---|---|---|
| 005 | 20250508150926.0 | ||
| 008 | 008 250505s9999 xx 000 0 hin d | ||
| 037 | _aReference | ||
| 040 |
_aFEDL _beng _cFEDL |
||
| 041 |
_ahin _2hin |
||
| 084 |
_a891.4303, SIR _qFEDL |
||
| 100 |
_aSirhindi R J _9757966 |
||
| 245 | 0 | _aHindi muhavara kosh | |
| 260 |
_aAllahabad, India _bRam Narayan Lal Publishers and Book Seller |
||
| 300 | _a548p. | ||
| 942 |
_cREF _h891.4303, SIR |
||
| 999 |
_c1326519 _d1326519 |
||